Statistics for Borders between Countries with same # of Characters

Click here to take the quiz!

General Stats

  • This quiz has been taken 47 times
  • The average score is 22 of 49

Answer Stats

LENGTH (km) INITIALS COUNTRIES % Correct
1,458 kmI - IIran - Iraq
82%
1,110 kmA - ZAngola - Zambia
79%
813 kmB - ZBotswana - Zimbabwe
79%
4 kmF - MFrance - Monaco
73%
1,051 kmK - KKazakhstan - Kyrgyzstan
70%
3,380 kmC - IChina - India
70%
335 kmI - JIsrael - Jordan
70%
68 kmD - GDenmark - Germany
70%
1,690 kmI - NIndia - Nepal
70%
443 kmH - RHungary - Romania
67%
2,203 kmK - UKazakhstan - Uzbekistan
64%
366 kmA - HAustria - Hungary
64%
784 kmA - GAustria - Germany
64%
837 kmM - ZMalawi - Zambia
61%
169 kmR - URwanda - Uganda
52%
103 kmH - UHungary - Ukraine
52%
1,236 kmC - NChina - Nepal
52%
965 kmA - TAlgeria - Tunisia
48%
1,115 kmE - LEgypt - Libya
48%
1,619 kmN - SNorway - Sweden
48%
1,601 kmA - MAlgeria - Morocco
48%
238 kmN - SNorth Korea - South Korea
45%
349 kmD - EDjibouti - Ethiopia
45%
164 kmA - GArmenia - Georgia
42%
1,161 kmT - UTajikistan - Uzbekistan
42%
1,099 kmK - UKyrgyzstan - Uzbekistan
42%
870 kmK - TKyrgyzstan - Tajikistan
42%
1,273 kmE - SEgypt - Sudan
42%
531 kmR - URomania - Ukraine
39%
206 kmG - TGreece - Turkey
39%
167 kmB - GBelgium - Germany
36%
266 kmB - NBenin - Niger
36%
217 kmL - RLatvia - Russia
36%
891 kmB - UBelarus - Ukraine
36%
1,463 kmB - IBurma - India
33%
250 kmB - MBelize - Mexico
33%
352 kmK - SKosovo - Serbia
30%
2,185 kmB - CBurma - China
27%
329 kmC - HCroatia - Hungary
27%
196 kmN - RNorway - Russia
24%
1,119 kmB - GBrazil - Guyana
24%
939 kmM - UMoldova - Ukraine
24%
206 kmP - RPoland - Russia
21%
673 kmB - FBrazil - France
18%
450 kmM - RMoldova - Romania
18%
803 kmC - TCambodia - Thailand
15%
354 kmL - NLibya - Niger
12%
506 kmM - TMalaysia - Thailand
12%
383 kmL - SLibya - Sudan
6%

Score Distribution

Percentile by Number Answered

Percent of People with Each Score

Your Score History

You have not taken this quiz